000 00470nam a2200181Ia 4500
001 3904
005 20260306145717.0
008 260306t2022||||xx |||||||||||||| ||spa||
041 _aESP
082 _a305.40985
_bM96
100 _aMuñoz Cabrejo, Fanni,
_eAUT
245 0 _aLa igualdad de las mujeres en la republica :
_buna promesa por cumplir
260 _c2022
300 _a229 páginas :
_c21 cm.
650 _aGEN
654 _aCHU
942 _cLIB
_dJUS
_fJUS
_2ddc
_n
999 _c3904
_d3904